[Event "BCF-chT1d 1617 (4NCL) Demotion pool"]
[Site "England"]
[Date "2017.04.29"]
[Round "9.67"]
[White "Larter, Nick J"]
[Black "Mayhew, Andrew"]
[Result "0-1"]
[WhiteElo "1806"]
[BlackElo "2213"]
[PlyCount "104"]
[EventDate "2016.11.19"]
[EventType "team-tourn"]
[EventRounds "4"]
[EventCountry "ENG"]
[SourceTitle "EXT 2018"]
[Source "ChessBase"]
[SourceDate "2017.10.13"]
[SourceVersion "1"]
[SourceVersionDate "2017.10.13"]
[SourceQuality "1"]
[WhiteTeam "Celtic Tigers"]
[BlackTeam "Anglian Avengers"]
[WhiteTeamCountry "ENG"]
[BlackTeamCountry "ENG"]

1. e4 b6 2. c4 Bb7 3. Nc3 e6 4. d4 Bb4 5. f3 f5 6. Bd3 Nh6 7. Nge2 fxe4 8. fxe4 0-0 9. Bf4 Qh4+ 10. g3 Qh3 11. Ng1 Qg2 12. Qc2 Qxh1 13. 0-0-0 Rxf4 14. gxf4 Nc6 15. d5 Nd4 16. Qf2 Ng4 17. Qg3 h5 18. h3 Qh2 19. Qxh2 Nxh2 20. Nce2 Nhf3 21. Nxd4 Nxg1 22. Rxg1 Bc5 23. Ne2 Bxg1 24. Nxg1 Rf8 25. Ne2 exd5 26. cxd5 d6 27. Kd2 Bc8 28. f5 g5 29. Ng3 h4 30. Nf1 Bd7 31. Ne3 Be8 32. Be2 Bf7 33. a3 Rc8 34. Ba6 Re8 35. Bd3 Bh5 36. Kc3 Bf3 37. Kd4 Kf7 38. b4 Kf6 39. Bc2 Rh8 40. Bd3 g4 41. Bf1 Kg5 42. Kd3 Kf4 43. f6 Rf8 44. hxg4 Bxg4 45. Bg2 h3 46. Bh1 Bf3 47. Bxf3 Kxf3 48. Nf1 Rxf6 49. Kd4 Kg2 50. Ne3+ Kg1 51. e5 Rf4+ 52. Kd3 dxe5 0-1

[Event "BCF-chT1b 1617 (4NCL)"]
[Site "England"]
[Date "2017.01.14"]
[Round "3.74"]
[White "Mayhew, Andrew"]
[Black "Martins, David Pires Tavares"]
[Result "0-1"]
[WhiteElo "2213"]
[BlackElo "2383"]
[PlyCount "87"]
[EventDate "2016.11.19"]
[EventType "team-tourn"]
[EventRounds "7"]
[EventCountry "ENG"]
[SourceTitle "EXT 2018"]
[Source "ChessBase"]
[SourceDate "2017.10.13"]
[SourceVersion "1"]
[SourceVersionDate "2017.10.13"]
[SourceQuality "1"]
[WhiteTeam "Anglian Avengers"]
[BlackTeam "Oxford"]
[WhiteTeamCountry "ENG"]
[BlackTeamCountry "ENG"]

1. d4 d6 2. Nf3 f5 3. g3 Nf6 4. Bg2 g6 5. b3 Bg7 6. Bb2 0-0 7. 0-0 c6 8. Nbd2 a5 9. a4 Na6 10. Ne1 Qc7 11. Nd3 Nb4 12. Nf3 Kh8 13. Re1 Ne4 14. c3 Na6 15. Qc2 Be6 16. Rad1 b5 17. Nd2 Nxd2 18. Rxd2 bxa4 19. bxa4 Bc4 20. e4 fxe4 21. Rxe4 Bd5 22. Re1 Qd7 23. Rde2 Rf7 24. Bc1 Nc7 25. Bg5 Re8 26. h4 Bc4 27. Re4 Nd5 28. Nb2 Ba6 29. c4 Nb4 30. Qd2 d5 31. cxd5 cxd5 32. Re6 Qa7 33. Rd1 Bc8 34. Re3 Bg4 35. f3 Bd7 36. Rc3 e5 37. Bh6 Bxh6 38. Qxh6 exd4 39. Rcc1 Na2 40. Rc2 d3+ 41. Rf2 Re2 42. Nxd3 Nc3 43. Rd2 Bf5 44. Nb2 0-1

[Event "London Classic Super rapid 8th"]
[Site "London"]
[Date "2016.12.17"]
[Round "3"]
[White "Mayhew, Andrew"]
[Black "Gallagher, Joseph G"]
[Result "0-1"]
[WhiteElo "2215"]
[BlackElo "2522"]
[PlyCount "78"]
[EventDate "2016.12.17"]
[EventType "swiss (rapid)"]
[EventRounds "10"]
[EventCountry "ENG"]
[SourceTitle "CBM 176 Extra"]
[Source "ChessBase"]
[SourceDate "2017.03.02"]
[SourceVersion "1"]
[SourceVersionDate "2017.03.02"]
[SourceQuality "1"]

1. e4 c5 2. d3 Nc6 3. g3 g6 4. Bg2 Bg7 5. f4 d6 6. Nf3 Rb8 7. 0-0 b5 8. Nc3 e6 9. Ne2 Nge7 10. g4 f5 11. gxf5 exf5 12. Ng3 0-0 13. Re1 Kh8 14. c3 b4 15. Bd2 a5 16. Qc2 Bd7 17. Re2 a4 18. a3 bxa3 19. Rxa3 Na5 20. e5 d5 21. e6 Be8 22. Be1 Qd6 23. Ne5 Nb3 24. Bf2 Qxe6 25. Nxg6+ Qxg6 26. Rxe7 Bc6 27. Bf3 Rfe8 28. Bh5 Rxe7 29. Bxg6 hxg6 30. Qd1 d4 31. c4 Bh6 32. Nxf5 gxf5 33. Qh5 Kg7 34. Qxf5 Rf8 35. Qg4+ Kh7 36. Bg3 Rg7 37. Qh4 Rxf4 38. Qd8 Rff7 39. Rxb3 Be3# 0-1

[Event "BCF-chT2c 1516 (4NCL)"]
[Site "England"]
[Date "2016.05.02"]
[Round "11.221"]
[White "Mayhew, Andrew"]
[Black "Cornette, Matthieu"]
[Result "0-1"]
[WhiteElo "2335"]
[BlackElo "2581"]
[PlyCount "100"]
[EventDate "2015.11.14"]
[EventType "team-swiss"]
[EventRounds "11"]
[EventCountry "ENG"]
[SourceTitle "EXT 2017"]
[Source "ChessBase"]
[SourceDate "2016.10.25"]
[SourceVersion "1"]
[SourceVersionDate "2016.10.25"]
[SourceQuality "1"]
[WhiteTeam "Anglian Avengers"]
[BlackTeam "Celtic Tigers"]
[WhiteTeamCountry "ENG"]
[BlackTeamCountry "ENG"]

1. d4 Nf6 2. c4 e6 3. Nc3 Bb4 4. e3 0-0 5. Nge2 c6 6. a3 Ba5 7. Ng3 d5 8. Be2 dxc4 9. Bxc4 c5 10. dxc5 Bxc3+ 11. bxc3 Qxd1+ 12. Kxd1 Bd7 13. Kc2 Rc8 14. e4 Ba4+ 15. Bb3 Bxb3+ 16. Kxb3 Na6 17. f3 Nxc5+ 18. Kc2 Na4 19. Ne2 Nd7 20. Rb1 Ndb6 21. Rd1 e5 22. Rb4 Rc6 23. Be3 a5 24. Rb5 Nc4 25. Bc1 Nc5 26. Rd5 b6 27. Kb1 Ne6 28. Rd7 Nc7 29. Rb3 a4 30. Rb4 Na6 31. Rb5 Nc5 32. Rd1 f6 33. Ka2 Kf8 34. Ng3 Nd6 35. Rb1 Nb3 36. Bb2 Na5 37. Rd3 g6 38. Rbd1 Nac4 39. Bc1 Ra5 40. Rd5 Ke7 41. Ne2 Rac5 42. Rxc5 Rxc5 43. g4 Rb5 44. g5 fxg5 45. Bxg5+ Ke6 46. Bc1 Rb3 47. Rd3 g5 48. Ka1 Nxa3 49. Bxg5 Nc2+ 50. Ka2 Nb4+ 0-1

[Event "BCF-chT2b 1516 (4NCL)"]
[Site "England"]
[Date "2016.01.24"]
[Round "4.16"]
[White "Thompson, Ian D"]
[Black "Mayhew, Andrew"]
[Result "0-1"]
[WhiteElo "2187"]
[BlackElo "2327"]
[PlyCount "62"]
[EventDate "2015.11.14"]
[EventType "team-tourn"]
[EventRounds "7"]
[EventCountry "ENG"]
[SourceTitle "CBM 170 Extra"]
[Source "ChessBase"]
[SourceDate "2016.02.25"]
[SourceVersion "1"]
[SourceVersionDate "2016.02.25"]
[SourceQuality "1"]
[WhiteTeam "BCM Dragons"]
[BlackTeam "Anglian Avengers"]
[WhiteTeamCountry "ENG"]
[BlackTeamCountry "ENG"]

1. c4 b6 2. Nc3 Bb7 3. e4 e6 4. Nge2 Nf6 5. Ng3 Bb4 6. e5 Ng8 7. Qg4 Bf8 8. d4 f5 9. Qh5+ g6 10. Qd1 Nh6 11. f4 Qh4 12. Qd3 Na6 13. a3 d6 14. exd6 Bxd6 15. Nce2 0-0 16. Bd2 c5 17. 0-0-0 Rac8 18. Kb1 Rfd8 19. Be1 Qe7 20. d5 exd5 21. cxd5 Nc7 22. Nc3 Ba6 23. Qc2 b5 24. Bf2 b4 25. Bxa6 Nxa6 26. Qe2 bxc3 27. Qxa6 Rb8 28. b4 cxb4 29. Rhe1 bxa3+ 30. Ka1 c2 31. Rc1 Qg7+ 0-1

[Event "BCF-chT2a 1415 (4NCL)"]
[Site "England"]
[Date "2014.11.15"]
[Round "1.33"]
[White "Mayhew, Andrew"]
[Black "Jones, William EG"]
[Result "1-0"]
[WhiteElo "2120"]
[BlackElo "2124"]
[PlyCount "91"]
[EventDate "2014.11.15"]
[EventType "team-tourn"]
[EventRounds "7"]
[EventCountry "ENG"]
[SourceTitle "CBM 163 Extra"]
[Source "ChessBase"]
[SourceDate "2014.12.23"]
[SourceVersion "1"]
[SourceVersionDate "2014.12.23"]
[SourceQuality "1"]
[WhiteTeam "Anglian Avengers"]
[BlackTeam "KJCA Kings"]
[WhiteTeamCountry "ENG"]
[BlackTeamCountry "ENG"]

1. e4 c5 2. Be2 Nc6 3. d3 d6 4. f4 g6 5. Nf3 Bg7 6. 0-0 Bg4 7. Nbd2 Nf6 8. Qe1 Nd7 9. Kh1 e6 10. c3 Qe7 11. Nc4 d5 12. Ne3 Bxf3 13. Bxf3 d4 14. Nc4 e5 15. f5 b5 16. Nd2 Nb6 17. Bd1 dxc3 18. bxc3 Rd8 19. Qf2 f6 20. fxg6 hxg6 21. Rb1 b4 22. cxb4 Nxb4 23. Qg3 g5 24. Rb3 Nxa2 25. Ba3 Nb4 26. Rc3 Qd6 27. Be2 Rh4 28. Nf3 Rf4 29. Rfc1 Na4 30. Rxc5 Nxc5 31. Bxb4 Rc8 32. Qh3 Rc7 33. Qh5+ Kd8 34. d4 Nxe4 35. Ba5 Qa3 36. Bxc7+ Ke7 37. Rf1 Qe3 38. Bc4 Nf2+ 39. Rxf2 Qc1+ 40. Bf1 Qxc7 41. dxe5 Qc5 42. exf6+ Bxf6 43. Re2+ Kd6 44. Qe8 g4 45. Re6+ Kc7 46. Qf7+ 1-0

[Event "4NCL-chT rapid"]
[Site "Daventry"]
[Date "2014.10.04"]
[Round "2.3"]
[White "Mayhew, Andrew"]
[Black "Zakarian, David"]
[Result "1/2-1/2"]
[WhiteElo "2120"]
[BlackElo "2400"]
[PlyCount "99"]
[EventDate "2014.10.04"]
[EventType "team-swiss (rapid)"]
[EventRounds "7"]
[EventCountry "ENG"]
[SourceTitle "CBM 162 Extra"]
[Source "ChessBase"]
[SourceDate "2014.10.17"]
[SourceVersion "1"]
[SourceVersionDate "2014.10.17"]
[SourceQuality "1"]
[WhiteTeam "RSJ"]
[BlackTeam "Oxford"]
[WhiteTeamCountry "ENG"]
[BlackTeamCountry "ENG"]

1. d4 Nf6 2. Nc3 d5 3. Bf4 c6 4. e3 Bf5 5. f3 Qb6 6. Qd2 e6 7. g4 Bg6 8. h4 h5 9. g5 Nfd7 10. Bd3 Bxd3 11. Qxd3 g6 12. Nge2 Na6 13. 0-0-0 Nb4 14. Qd2 c5 15. Kb1 Bg7 16. a3 a5 17. Na4 Qc6 18. Nxc5 Nxc5 19. dxc5 Na6 20. Qxa5 0-0 21. Bd6 Rfd8 22. Nd4 Bxd4 23. exd4 b6 24. Qc3 Rdc8 25. Rh2 Qd7 26. Qe3 Rc6 27. Qf4 bxc5 28. Be5 Qd8 29. dxc5 Nxc5 30. c4 Nd7 31. cxd5 Nxe5 32. Qxe5 exd5 33. Rxd5 Qb6 34. Rhd2 Re6 35. Qd4 Re1+ 36. Ka2 Qe6 37. Qc4 Re8 38. R5d4 Qf5 39. Re4 R1xe4 40. fxe4 Rxe4 41. Rd8+ Kh7 42. Rd4 Re1 43. Rf4 Qb1+ 44. Kb3 Re3+ 45. Ka4 Qd1+ 46. b3 Qd7+ 47. Kb4 Qb7+ 48. Ka4 Qa7+ 49. Kb4 Qb7+ 50. Ka4 1/2-1/2

[Event "BCF-chT2a 1314 (4NCL)"]
[Site "England"]
[Date "2014.02.16"]
[Round "6.11"]
[White "Mayhew, Andrew"]
[Black "Thomas, Nicholas"]
[Result "1/2-1/2"]
[WhiteElo "2089"]
[BlackElo "2302"]
[PlyCount "28"]
[EventDate "2013.11.16"]
[EventType "team-swiss"]
[EventRounds "11"]
[EventCountry "ENG"]
[SourceTitle "EXT 2015"]
[Source "ChessBase"]
[SourceDate "2014.11.20"]
[SourceVersion "1"]
[SourceVersionDate "2014.11.20"]
[SourceQuality "1"]
[WhiteTeam "Anglian Avengers"]
[BlackTeam "Warwicks Select"]
[WhiteTeamCountry "ENG"]
[BlackTeamCountry "ENG"]

1. b3 e5 2. Bb2 d6 3. e3 Nf6 4. d4 exd4 5. Qxd4 Nc6 6. Bb5 Bd7 7. Bxc6 Bxc6 8. Ne2 Ne4 9. Nd2 Qe7 10. Nxe4 Qxe4 11. Qxe4+ Bxe4 12. f3 Bc6 13. e4 0-0-0 14. 0-0-0 Be7 1/2-1/2

[Event "BCF-chT2a 1314 (4NCL)"]
[Site "England"]
[Date "2014.01.12"]
[Round "4.23"]
[White "Simons, Martin J"]
[Black "Mayhew, Andrew"]
[Result "0-1"]
[WhiteElo "2117"]
[BlackElo "2073"]
[PlyCount "70"]
[EventDate "2013.11.16"]
[EventType "team-swiss"]
[EventRounds "11"]
[EventCountry "ENG"]
[SourceTitle "EXT 2015"]
[Source "ChessBase"]
[SourceDate "2014.11.20"]
[SourceVersion "1"]
[SourceVersionDate "2014.11.20"]
[SourceQuality "1"]
[WhiteTeam "Wessex"]
[BlackTeam "Anglian Avengers"]
[WhiteTeamCountry "ENG"]
[BlackTeamCountry "ENG"]

1. d4 Nf6 2. Nf3 g6 3. Nc3 d5 4. Bf4 Bg7 5. e3 0-0 6. Be2 c5 7. Ne5 Nc6 8. 0-0 cxd4 9. exd4 Bf5 10. Nxc6 bxc6 11. Na4 Nd7 12. g4 e5 13. dxe5 Be6 14. Be3 Qa5 15. c3 Nxe5 16. b4 Qc7 17. Nc5 Rae8 18. Bd4 f5 19. Nxe6 Rxe6 20. gxf5 gxf5 21. f4 Ng6 22. Bf3 Nxf4 23. Kh1 Rh6 24. Qd2 Ng6 25. Bxg7 Qxg7 26. b5 cxb5 27. Qxd5+ Kh8 28. Qd4 Ne5 29. Be2 Rxh2+ 30. Kxh2 Rg8 31. Bg4 Nxg4+ 32. Kg3 Nf6+ 33. Kf4 Qg4+ 34. Ke5 Re8+ 35. Kxf6 Qg6# 0-1

[Event "BCF-chT3S 1314 (4NCL)"]
[Site "England"]
[Date "2013.11.16"]
[Round "1.85"]
[White "Bansal, Rohan"]
[Black "Mayhew, Andrew"]
[Result "0-1"]
[WhiteElo "1839"]
[BlackElo "2058"]
[PlyCount "116"]
[EventDate "2013.11.16"]
[EventType "team-swiss"]
[EventRounds "6"]
[EventCountry "ENG"]
[SourceTitle "CBM 157 Extra"]
[Source "ChessBase"]
[SourceDate "2013.12.19"]
[SourceVersion "1"]
[SourceVersionDate "2013.12.19"]
[SourceQuality "1"]
[WhiteTeam "KJCA Knights"]
[BlackTeam "Anglian Avengers II"]
[WhiteTeamCountry "ENG"]
[BlackTeamCountry "ENG"]

1. d4 Nf6 2. c4 g6 3. f3 e6 4. Nc3 d5 5. Bg5 Bg7 6. e3 0-0 7. Qd2 Nc6 8. 0-0-0 h6 9. Bh4 a6 10. g4 dxc4 11. Bxc4 b5 12. Be2 b4 13. Ne4 Nxe4 14. Bxd8 Nxd2 15. Bxc7 Nxf3 16. Bxf3 Bb7 17. Kb1 Rfc8 18. Bd6 a5 19. h3 Nd8 20. Bxb7 Nxb7 21. Bg3 a4 22. Nf3 Na5 23. Nd2 a3 24. b3 Rc3 25. Rhe1 Rac8 26. Ne4 Rc2 27. Rc1 Rb2+ 28. Ka1 Rxc1+ 29. Rxc1 Re2 30. Re1 Rxe3 31. Rxe3 Bxd4+ 32. Kb1 Bxe3 33. Bd6 Nc6 34. Kc2 f5 35. Kd3 Bd4 36. Ng3 fxg4 37. hxg4 Be5 38. Bxe5 Nxe5+ 39. Kd4 Nxg4 40. Kc5 h5 41. Kxb4 h4 42. Nh1 g5 43. Kxa3 Ne5 44. Kb2 g4 45. Nf2 g3 46. Nh3 Nd3+ 47. Kc2 Nf2 48. Nf4 h3 49. Ne2 g2 50. Ng1 h2 51. Nf3 h1Q 52. a4 Qd1+ 53. Kb2 Qxf3 54. a5 g1Q 55. a6 Nd1+ 56. Ka2 Qe2+ 57. Ka3 Qc5+ 58. Ka4 Nc3# 0-1

[Event "Crawley e2e4 Gatwick op 11"]
[Site "Crawley"]
[Date "2013.11.03"]
[Round "5"]
[White "Burrows, Martin P"]
[Black "Mayhew, Andrew"]
[Result "1/2-1/2"]
[WhiteElo "2123"]
[BlackElo "2058"]
[PlyCount "61"]
[EventDate "2013.11.01"]
[EventType "swiss"]
[EventRounds "5"]
[EventCountry "ENG"]
[SourceTitle "EXT 2014"]
[Source "ChessBase"]
[SourceDate "2013.11.20"]
[SourceVersion "1"]
[SourceVersionDate "2013.11.20"]
[SourceQuality "1"]

1. e4 e5 2. Nf3 Nc6 3. Bb5 a6 4. Ba4 Nf6 5. 0-0 Be7 6. Re1 b5 7. Bb3 d6 8. c3 0-0 9. h3 Na5 10. Bc2 c5 11. d4 Nd7 12. Nbd2 exd4 13. cxd4 Nc6 14. d5 Nce5 15. Nxe5 Nxe5 16. f4 Ng6 17. Nf3 Bh4 18. Rf1 Bg3 19. Nh2 f5 20. exf5 Bxf5 21. Bxf5 Rxf5 22. Qd3 Bxh2+ 23. Kxh2 Rf7 24. Bd2 Qf6 25. f5 Ne5 26. Qg3 h6 27. Bc3 Re8 28. Rae1 b4 29. Bxe5 Rxe5 30. Rxe5 dxe5 31. Qd3 1/2-1/2

[Event "Crawley e2e4 Gatwick op 11"]
[Site "Crawley"]
[Date "2013.11.03"]
[Round "4"]
[White "Mayhew, Andrew"]
[Black "Lock, Gavin R"]
[Result "1-0"]
[WhiteElo "2058"]
[BlackElo "2205"]
[PlyCount "87"]
[EventDate "2013.11.01"]
[EventType "swiss"]
[EventRounds "5"]
[EventCountry "ENG"]
[SourceTitle "EXT 2014"]
[Source "ChessBase"]
[SourceDate "2013.11.20"]
[SourceVersion "1"]
[SourceVersionDate "2013.11.20"]
[SourceQuality "1"]

1. d4 d5 2. c4 e6 3. Nc3 c5 4. cxd5 exd5 5. Nf3 Nc6 6. g3 Nf6 7. Bg2 Be7 8. 0-0 0-0 9. dxc5 Bxc5 10. a3 Ne4 11. Qc2 Nxc3 12. Qxc3 Be7 13. Nd4 Nxd4 14. Qxd4 Be6 15. Bf4 Qa5 16. Rfd1 Rfd8 17. Rac1 Rd7 18. Rc3 Qb5 19. Qd3 Qxb2 20. Rb1 Qa2 21. Rcb3 b6 22. Qd1 Bf6 23. Bg5 Bxg5 24. R1b2 Qxb2 25. Rxb2 Rc8 26. Rc2 Rdc7 27. Rxc7 Rxc7 28. f4 Be7 29. Bxd5 Rd7 30. e4 Bxd5 31. exd5 Bxa3 32. Kg2 Bc5 33. h4 a5 34. h5 h6 35. Qd3 Rd8 36. g4 a4 37. Qa6 a3 38. g5 hxg5 39. fxg5 Re8 40. g6 fxg6 41. hxg6 Rd8 42. d6 Bxd6 43. Qc4+ Kh8 44. Qh4+ 1-0

[Event "4NCL-ch rapid"]
[Site "Daventry"]
[Date "2013.10.06"]
[Round "3"]
[White "Bourne, Iain"]
[Black "Mayhew, Andrew"]
[Result "0-1"]
[WhiteElo "1918"]
[BlackElo "2058"]
[PlyCount "40"]
[EventDate "2013.10.06"]
[EventType "swiss (rapid)"]
[EventRounds "7"]
[EventCountry "ENG"]
[SourceTitle "CBM 156 Extra"]
[Source "ChessBase"]
[SourceDate "2013.10.22"]
[SourceVersion "1"]
[SourceVersionDate "2013.10.22"]
[SourceQuality "1"]

1. d4 Nf6 2. c4 g6 3. f3 e6 4. e4 d5 5. Nc3 Bg7 6. Bg5 h6 7. Be3 0-0 8. Qd2 dxe4 9. fxe4 Ng4 10. Nf3 Nxe3 11. Qxe3 c5 12. dxc5 Qa5 13. Be2 Nd7 14. c6 bxc6 15. 0-0 Rb8 16. Nd4 Qc5 17. Rfd1 Rxb2 18. Na4 Rxe2 19. Nxc5 Rxe3 20. Nxd7 Bxd7 0-1

[Event "4NCL-ch rapid"]
[Site "Daventry"]
[Date "2013.10.06"]
[Round "1"]
[White "Foley, John P"]
[Black "Mayhew, Andrew"]
[Result "0-1"]
[WhiteElo "2018"]
[BlackElo "2058"]
[PlyCount "40"]
[EventDate "2013.10.06"]
[EventType "swiss (rapid)"]
[EventRounds "7"]
[EventCountry "ENG"]
[SourceTitle "CBM 156 Extra"]
[Source "ChessBase"]
[SourceDate "2013.10.22"]
[SourceVersion "1"]
[SourceVersionDate "2013.10.22"]
[SourceQuality "1"]

1. d4 Nf6 2. Nf3 g6 3. Bf4 Bg7 4. Nc3 d5 5. e3 0-0 6. Be2 a6 7. h3 c5 8. 0-0 cxd4 9. exd4 Nc6 10. Re1 Ne4 11. Ne5 Nxc3 12. bxc3 Nxe5 13. dxe5 Be6 14. Qd2 Qc7 15. Bf3 Rfd8 16. Rab1 Rac8 17. g4 Qxc3 18. Rxb7 d4 19. a4 Qxf3 20. Bg3 Qxb7 0-1

[Event "4NCL-chT rapid"]
[Site "Daventry"]
[Date "2013.10.05"]
[Round "5.2"]
[White "Freeman, Richard"]
[Black "Mayhew, Andrew"]
[Result "0-1"]
[WhiteElo "2030"]
[BlackElo "2058"]
[PlyCount "82"]
[EventDate "2013.10.05"]
[EventType "team-swiss (rapid)"]
[EventRounds "7"]
[EventCountry "ENG"]
[SourceTitle "CBM 156 Extra"]
[Source "ChessBase"]
[SourceDate "2013.10.22"]
[SourceVersion "1"]
[SourceVersionDate "2013.10.22"]
[SourceQuality "1"]
[WhiteTeam "Phoenix"]
[BlackTeam "RSJ"]
[WhiteTeamCountry "ENG"]
[BlackTeamCountry "ENG"]

1. d4 Nf6 2. Bg5 g6 3. Bxf6 exf6 4. e3 Bg7 5. g3 d6 6. Bg2 f5 7. Ne2 Nd7 8. 0-0 Nf6 9. c4 h5 10. h4 0-0 11. Nbc3 Re8 12. Nf4 Ng4 13. Nh3 c6 14. b4 Bd7 15. Qb3 Nxe3 16. fxe3 Rxe3 17. Rae1 Rxg3 18. Rf3 Rxf3 19. Bxf3 Qxh4 20. Nf2 Qg3+ 21. Bg2 Bxd4 22. Ncd1 Qxb3 23. axb3 Re8 24. Rxe8+ Bxe8 25. Kf1 g5 26. Ke2 g4 27. Nd3 Kg7 28. Nf4 Kh6 29. Kd3 Be5 30. Ke3 Kg5 31. Nd3 h4 32. b5 h3 33. Bh1 g3 34. bxc6 bxc6 35. Kf3 f4 36. N1f2 Bd7 37. Ne4+ Kh4 38. Nxf4 Bxf4 39. Kxf4 g2 40. Bxg2 hxg2 41. Nd2 Bg4 0-1

[Event "Gatwick e2e4 int op-A"]
[Site "Gatwick"]
[Date "2011.10.30"]
[Round "9"]
[White "Mayhew, Andrew"]
[Black "House, Glenn"]
[Result "0-1"]
[WhiteElo "2058"]
[BlackElo "2192"]
[PlyCount "54"]
[EventDate "2011.10.26"]
[EventType "swiss"]
[EventRounds "9"]
[EventCountry "ENG"]
[SourceTitle "EXT 2014"]
[Source "ChessBase"]
[SourceDate "2013.11.20"]
[SourceVersion "1"]
[SourceVersionDate "2013.11.20"]
[SourceQuality "1"]

1. d4 Nf6 2. c4 e6 3. Nf3 Bb4+ 4. Nbd2 b6 5. a3 Bxd2+ 6. Qxd2 Bb7 7. e3 0-0 8. b4 d6 9. Bb2 Nbd7 10. Bd3 Ne4 11. Qc2 f5 12. 0-0 Qe8 13. Ne1 Qh5 14. f3 Ng5 15. d5 Ne5 16. Be2 f4 17. exf4 Rxf4 18. Bc1 Raf8 19. Bxf4 Rxf4 20. Qd2 Qh6 21. Rd1 exd5 22. cxd5 Rh4 23. h3 Rxh3 24. gxh3 Nxh3+ 25. Kh2 Nf4+ 26. Kg3 Qg5+ 27. Kf2 Nh3# 0-1

[Event "Gatwick e2e4 int op-A"]
[Site "Gatwick"]
[Date "2011.10.28"]
[Round "5"]
[White "Kennedy, Craig"]
[Black "Mayhew, Andrew"]
[Result "0-1"]
[WhiteElo "1999"]
[BlackElo "2058"]
[PlyCount "103"]
[EventDate "2011.10.26"]
[EventType "swiss"]
[EventRounds "9"]
[EventCountry "ENG"]
[SourceTitle "EXT 2014"]
[Source "ChessBase"]
[SourceDate "2013.11.20"]
[SourceVersion "1"]
[SourceVersionDate "2013.11.20"]
[SourceQuality "1"]

1. g3 e5 2. Bg2 Nc6 3. d3 Bc5 4. c4 d6 5. e3 Nge7 6. Ne2 a6 7. Nbc3 Bf5 8. a3 Ba7 9. b4 Qd7 10. d4 exd4 11. exd4 Bh3 12. Bxh3 Qxh3 13. Nf4 Qf5 14. Be3 0-0 15. 0-0 Rfe8 16. Nfd5 Nxd5 17. Nxd5 Qd7 18. Qd2 Re4 19. c5 Rae8 20. Kg2 dxc5 21. dxc5 Rd4 22. Bxd4 Qxd5+ 23. f3 Qxd4 24. Qxd4 Nxd4 25. Rad1 Ne6 26. Rd7 Kf8 27. f4 Rd8 28. Rxd8+ Nxd8 29. Rd1 Nc6 30. Kf3 Ke8 31. Re1+ Ne7 32. f5 c6 33. g4 Bb8 34. h4 Kd7 35. Ke4 Nd5 36. g5 Bg3 37. Rh1 Nc3+ 38. Kd3 Nb5 39. a4 Nc7 40. h5 Nd5 41. Ke4 Bf4 42. Rg1 Bd2 43. b5 axb5 44. axb5 Be3 45. Rg2 Bxc5 46. bxc6+ bxc6 47. Rd2 Be3 48. Rxd5+ cxd5+ 49. Kxe3 Ke7 50. Kd4 Kd6 51. g6 fxg6 52. fxg6 0-1

[Event "Gatwick e2e4 int op-A"]
[Site "Gatwick"]
[Date "2011.10.27"]
[Round "2"]
[White "Mayhew, Andrew"]
[Black "Pettersson, Alexander"]
[Result "1/2-1/2"]
[WhiteElo "2058"]
[BlackElo "1958"]
[PlyCount "64"]
[EventDate "2011.10.26"]
[EventType "swiss"]
[EventRounds "9"]
[EventCountry "ENG"]
[SourceTitle "EXT 2014"]
[Source "ChessBase"]
[SourceDate "2013.11.20"]
[SourceVersion "1"]
[SourceVersionDate "2013.11.20"]
[SourceQuality "1"]

1. d4 Nf6 2. c4 e6 3. Nf3 b6 4. a3 Ba6 5. Qc2 Bb7 6. Nc3 c5 7. e4 cxd4 8. Nxd4 Bc5 9. Nb3 Nc6 10. Bf4 0-0 11. 0-0-0 e5 12. Be3 Bxe3+ 13. fxe3 a6 14. Kb1 Na5 15. Nxa5 bxa5 16. Bd3 Qb6 17. Qe2 Rab8 18. Rhf1 Ba8 19. Ka1 Rfe8 20. Rd2 d6 21. Rxf6 gxf6 22. Qg4+ Kf8 23. Qh3 Ke7 24. Rf2 Rg8 25. Qf3 Rg6 26. g4 Rf8 27. h4 Qd8 28. Bf1 Ke8 29. Rd2 Qc7 30. Qd1 Ke7 31. Rd5 Rfg8 32. Be2 Bc6 1/2-1/2

[Event "GBR-ch 97th"]
[Site "Canterbury"]
[Date "2010.08.05"]
[Round "10"]
[White "Chapman, Terry PD"]
[Black "Mayhew, Andrew"]
[Result "1-0"]
[WhiteElo "2251"]
[BlackElo "2085"]
[PlyCount "79"]
[EventDate "2010.07.26"]
[EventType "swiss"]
[EventRounds "11"]
[EventCountry "ENG"]
[SourceTitle "CBM 137 Extra"]
[Source "ChessBase"]
[SourceDate "2010.09.01"]
[SourceVersion "1"]
[SourceVersionDate "2010.09.01"]
[SourceQuality "1"]

1. g3 g6 2. Bg2 Bg7 3. d4 d6 4. e4 c5 5. d5 e6 6. Nc3 Ne7 7. Nge2 0-0 8. 0-0 exd5 9. Nxd5 Nxd5 10. Qxd5 Qb6 11. Nf4 Nc6 12. c3 Ne5 13. h3 Bd7 14. Rd1 Rad8 15. Qb3 Qa6 16. Qc2 Bb5 17. a4 h6 18. Be3 Bc6 19. Bf1 Qa5 20. Nd5 Bxd5 21. Rxd5 Qc7 22. Rad1 Rfe8 23. f4 Nc6 24. Bf2 a6 25. Kh2 Qe7 26. Bg2 Qc7 27. h4 h5 28. e5 dxe5 29. f5 Rxd5 30. Bxd5 Kh7 31. Bxc5 e4 32. fxg6+ fxg6 33. Bd6 Qb6 34. Bf7 Rd8 35. Bxg6+ Kxg6 36. Qxe4+ Kf7 37. Rf1+ Kg8 38. Qe6+ Kh8 39. Rf5 Qxb2+ 40. Kh3 1-0

[Event "GBR-ch 97th"]
[Site "Canterbury"]
[Date "2010.07.29"]
[Round "4"]
[White "Mayhew, Andrew"]
[Black "Doran, Chris"]
[Result "1-0"]
[WhiteElo "2085"]
[BlackElo "1997"]
[PlyCount "73"]
[EventDate "2010.07.26"]
[EventType "swiss"]
[EventRounds "11"]
[EventCountry "ENG"]
[SourceTitle "CBM 137 Extra"]
[Source "ChessBase"]
[SourceDate "2010.09.01"]
[SourceVersion "1"]
[SourceVersionDate "2010.09.01"]
[SourceQuality "1"]

1. d4 Nf6 2. c4 g6 3. Nf3 Bg7 4. g3 0-0 5. Bg2 d6 6. 0-0 Nc6 7. Nc3 a6 8. b3 Rb8 9. Nd5 Bg4 10. Bb2 Qd7 11. Re1 Rfe8 12. Qd2 Ne4 13. Qf4 f5 14. Rad1 e6 15. Nc3 Bxf3 16. exf3 Nxc3 17. Bxc3 Qf7 18. Qd2 Ne7 19. f4 d5 20. Re3 dxc4 21. bxc4 e5 22. fxe5 Qxc4 23. d5 f4 24. Re4 Qc5 25. Bb4 Qb6 26. Qxf4 a5 27. Bc3 Rbd8 28. Ra4 Rf8 29. Qd2 Rf5 30. Bxa5 Qa7 31. Bxc7 Qxa4 32. Bxd8 Rxe5 33. d6 Nf5 34. d7 Bh6 35. f4 Qa7+ 36. Kh1 Kf7 37. Bf6 1-0